Primate functional morphology and evolution (Record no. 210486)
[ view plain ]
| 000 -LEADER | |
|---|---|
| fixed length control field | 01983nam a2200385 a 4500 |
| 082 04 - DEWEY DECIMAL CLASSIFICATION NUMBER | |
| Classification number | 599/.8/0438 |
| 245 10 - TITLE STATEMENT | |
| Title | Primate functional morphology and evolution |
| 260 ## - PUBLICATION, DISTRIBUTION, ETC. (IMPRINT) | |
| Place of publication | The Hague : |
| Name of publisher | Mouton ; |
| Place of publication | Chicago : |
| Name of publisher | distributed in the USA and Canada by Aldine, |
| Year of publication | 1975. |
| 300 ## - PHYSICAL DESCRIPTION | |
| Number of Pages | 1 v. (various pagings) : |
| Other physical details | ill. |
| 505 0# - FORMATTED CONTENTS NOTE | |
| Formatted contents note | section 1. New perspectives on the origin and deployment of Catarrhine primates -- section 2. Biomolecular perspectives on primate evolution -- section 3. Anatomical correlates of feeding behavior in monkeys, apes, and man -- section 4. Knuckle-walking and hominoid evolution -- section 5. Mechanisms and evolution of bipedalism in the Hominoidea -- section 6. Brain evolution in the Hominoidea and the evolution of human language. |
| 650 #0 - SUBJECT ADDED ENTRY--TOPICAL TERM | |
| Topical Term | Primates |
| Topical Term | Human evolution |
| Topical Term | Primates |
| 700 1# - ADDED ENTRY--PERSONAL NAME | |
| Personal name | Tuttle, Russell. |
| 856 40 - ELECTRONIC LOCATION AND ACCESS | |
| Uniform Resource Identifier | http://site.ebrary.com/lib/rucke/Doc?id=10585550 |
No items available.
